Online Catalogue and eLibrary

Devi and the spouse goddess : (Record no. 779)

MARC details
000 -LEADER
fixed length control field 00488nam a2200181Ia 4500
005 - DATE AND TIME OF LATEST TRANSACTION
control field 20240718010445.0
008 - FIXED-LENGTH DATA ELEMENTS--GENERAL INFORMATION
fixed length control field 240331s9999 xx 000 0 und d
020 ## - INTERNATIONAL STANDARD BOOK NUMBER
ISBN 8185054010
082 ## - DDC Classification
Class No. 200.042
Item Number - Author Mark GAT
100 ## - MAIN ENTRY--PERSONAL NAME
Personal name Gatwood, L.E
245 #0 - TITLE STATEMENT
Title Devi and the spouse goddess :
Remainder of title women,sexulity, and marriage in india
260 ## - PUBLICATION, DISTRIBUTION, ETC.
Place of publication, distribution, etc. New Delhi
Name of publisher, distributor, etc. Manohar Publications
Date of publication, distribution, etc. 1991
300 ## - PHYSICAL DESCRIPTION
Extent (e.g. Volumes, Pages etc.) xiii, 206 p .,
650 ## - SUBJECT ADDED ENTRY--TOPICAL TERM
Topical term or geographic name entry element Women
650 ## - SUBJECT ADDED ENTRY--TOPICAL TERM
Topical term or geographic name entry element Sexuality
650 ## - SUBJECT ADDED ENTRY--TOPICAL TERM
Topical term or geographic name entry element Marriage in India
942 ## - Koha item type (Biblio)
Koha item type Books in Stacks (Lending)
Holdings
Lost status Damaged status Collection code Home library Current library Shelving location Date acquired Full call number Accession Number Item type
    Lending WERC Library WERC Library Social Science Cupboard 03/31/2024 200.042 GAT 1157 Books in Stacks (Lending)

© WERC Library